01849nab a2200385 i 450000100060000000300080000600500170001400600190003100700150005000800410006502200140010603500220012004000310014205000250017308000120019808200150021010000310022524502560025626401160051231000180062833600310064633700330067733800430071058800820075358800830083559001620091865000290108065000330110965500170114270000290115977301780118879700180136685600620138499900170144623277FINmELB20241216214055.0m o u cr cn|||||||||230522c20059999cl tr p o 0 0spa d a0718-1299 a(OCoLC)1385419373 aFINmELBbspaerdacFINmELB 4aNA2543.S6bC653 2005 a720.10304a72:3162231 aColavidas, Felipe,eautor.10aPor un plan cosmopolita de habitabilidad básica /cFelipe Colavidas (arquitecto), Julián Salas (ingeniero industrial), Profesores de Habitabilidad básica en la Escuela Técnica Superior de Arquitectura de la Universidad Politécnica de Madrid. 1aSantiago, Chile :bUniversidad de Chile, Facultad de Arquitectura y Urbanismo, Instituto de la Vivienda,c2005. aCuatrimestral atextobtxt2rdacontent/spa acomputadorabc2rdamedia/spa arecurso en líneabcr2rdacarrier/spa aDescripción basada en Revista INVI, n. 20, vol. 53 (mayo 2005), P. 226-229. aDescripción basada en metadatos suministrados por el editor y otras fuentes. aRecurso electrónico. Santa Fe, Arg.: elibro, 2023. Disponible vía World Wide Web. El acceso puede estar limitado para las bibliotecas afiliadas a elibro. 4aArquitectura y sociedad. 4aCooperación internacional. 4aArtículos.1 aSalas, Julián,eautor.1 tRevista INVI.xISSN0718-1299dSantiago, Chile : Universidad de Chile, Facultad de Arquitectura y Urbanismo, Instituto de la Vivienda.gn. 20, vol. 53 (mayo 2005), p. 226-2292 aelibro, Corp.40uhttps://elibro.net/ereader/politecnicointernacional/12186 c23277d23277